Ảnh hưởng đa hình của một số gen ứng viên lên năng suất sinh sản của chim cút : Luận văn tốt nghiệp cao học. Chuyên ngành Công nghệ sinh học

Nghiên cứu ảnh hưởng đa hình của một số gen ứng viên lên năng suất sinh sản của chim cút ; từ đó làm cơ sở cho việc chọn lọc và lai tạo giống chim cút

Gardado en:
Detalles Bibliográficos
Autor Principal: Trần, Trung Tín
Formato: Libro
Idioma:Undetermined
Publicado: Cần Thơ Trường Đại học Cần Thơ 2016
Những chủ đề:
Các nhãn: Engadir etiqueta
Sen Etiquetas, Sexa o primeiro en etiquetar este rexistro!
Thư viện lưu trữ: Trung tâm Học liệu Trường Đại học Cần Thơ
LEADER 01059nam a2200217Ia 4500
001 CTU_213457
008 210402s9999 xx 000 0 und d
082 |a 591.35 
082 |b T311 
088 |a 60420201 
100 |a Trần, Trung Tín 
245 0 |a Ảnh hưởng đa hình của một số gen ứng viên lên năng suất sinh sản của chim cút : 
245 0 |b Luận văn tốt nghiệp cao học. Chuyên ngành Công nghệ sinh học 
245 0 |c Trần Trung Tín ; Nguyễn Trọng Ngữ (Cán bộ hướng dẫn) 
260 |a Cần Thơ 
260 |b Trường Đại học Cần Thơ 
260 |c 2016 
520 |a Nghiên cứu ảnh hưởng đa hình của một số gen ứng viên lên năng suất sinh sản của chim cút ; từ đó làm cơ sở cho việc chọn lọc và lai tạo giống chim cút 
650 |a Di truyền học,Genetics 
904 |i Nguyên 
980 |a Trung tâm Học liệu Trường Đại học Cần Thơ